Largest Cities in Nepal and Bhutan on a Map - Statistics

General Stats
  • This quiz has been taken 45 times
  • The average score is 4 of 10
Answers on the Map
Answers color-coded by a green-red scale on the quiz's map according to % correct below.
 
Answer Stats
Region Population City % Correct
Bhutan 114,551 Thimphu
100%
Nepal 1,003,285 Kathmandu
94%
Nepal 264,991 Pokhara
47%
Bhutan 11,448 Paro
35%
Nepal 147,777 Bharatpur
32%
Nepal 204,949 Biratnagar
32%
Nepal 226,728 Lalitpur
32%
Bhutan 27,658 Phuntsholing
26%
Bhutan 9,858 Gelephu
15%
Bhutan 9,325 Samdrup Jongkhar
9%
No matching quizzes found
Score Distribution
Percent of People with Each Score
Percentile by Number Answered
Your Score History
You have not taken this quiz